Countries That Beat Venezuela - Statistics

General Stats
  • This quiz has been taken 41 times
  • The average score is 8 of 10
Answer Stats
# Category Country(s) % Correct
5 Most Populous in South America Brazil | Colombia | Argentina | Peru
100%
11 Oil Production per Year Russia | Saudi Arabia | United States | Iraq | Iran | China | Canada | United Arab Emirates | Kuwait | Brazil
100%
5 Last Alphabetically Zimbabwe | Zambia | Yemen | Vietnam
95%
2 Northernmost Point in South America Colombia
92%
3 Densest in South America Ecuador | Colombia
82%
4 Lowest Point in the Americas Argentina | United States | Peru
79%
2 Most Populous Starting with V Vietnam
77%
2 Most Populous Capital Starting with C Egypt
72%
5 Biggest Loss of Population Japan | Ukraine | Romania | Italy
72%
4 Most Corrupt Somalia | South Sudan | Syria
54%
No matching quizzes found
Score Distribution
Percent of People with Each Score
Percentile by Number Answered
Your Score History
You have not taken this quiz